[Event "DSJ Weihnachtsturnier U20 2020"]
[Site "https://play.chessbase.com/en/play?room=DSJWeihnachtU20"]
[Date "2020.12.29"]
[Round "7"]
[White "Klühs, Gustaf"]
[Black "Goldbeck, Lars"]
[Result "0-1"]
[Termination "normal"]
[Board "8.1"]
[BlackTitle "FM"]
[WhiteElo "1823"]
[BlackElo "2235"]
[WhiteTeam "SC Borussia Lichtenberg"]
[BlackTeam "SC Bavaria Regensburg von 1881"]
[PlyCount "94"]
[WhiteFideId "16228936"]
[BlackFideId "16208188"]
[EventRounds "7"]
[EventType "team-swiss"]
[EventDate "2020.12.29"]

1. e4 {[%emt 0:00:14]} c5 {[%emt 0:00:30]} 2. Nf3 {[%emt 0:00:03]} d6 {[%emt
0:00:03]} 3. c4 {[%emt 0:00:09]} Bg4 {[%emt 0:00:05]} 4. Nc3 {[%emt 0:00:04]}
Nc6 {[%emt 0:00:02]} 5. Be2 {[%emt 0:00:10]} g6 {[%emt 0:00:03]} 6. d3 {[%emt
0:00:03]} Bg7 {[%emt 0:00:02]} 7. O-O {[%emt 0:00:02]} e6 {[%emt 0:00:06]} 8.
a3 { [%emt 0:00:21]} Nge7 {[%emt 0:00:02]} 9. Qc2 {[%emt 0:00:03]} O-O {[%emt
0:00:04]} 10. Rb1 {[%emt 0:00:04]} Rb8 {[%emt 0:00:09]} 11. b4 {[%emt 0:00:35]}
Bxf3 {[%emt 0:00:02]} 12. Bxf3 {[%emt 0:00:02]} Nd4 {[%emt 0:00:01]} 13. Qd2 {
[%emt 0:00:07]} Nxf3+ {[%emt 0:00:02]} 14. gxf3 {[%emt 0:00:01]} Nc6 {[%emt
0:00:08]} 15. Ne2 {[%emt 0:00:02]} Ne5 {[%emt 0:00:31]} 16. Qe3 {[%emt
0:00:12]} f5 {[%emt 0:00:35]} 17. f4 {[%emt 0:01:12]} Ng4 {[%emt 0:00:08]} 18.
Qg3 { [%emt 0:00:04]} Nf6 {[%emt 0:00:17]} 19. f3 {[%emt 0:00:23]} b6 {[%emt
0:00:05] } 20. b5 {[%emt 0:00:03]} d5 {[%emt 0:00:04]} 21. e5 {[%emt 0:00:24]}
Nh5 { [%emt 0:00:09]} 22. Qg5 {[%emt 0:00:03]} Qxg5+ {[%emt 0:00:06]} 23. fxg5
{ [%emt 0:00:03]} Bxe5 {[%emt 0:00:09]} 24. f4 {[%emt 0:00:03]} Bh8 {[%emt
0:00:04]} 25. Bb2 {[%emt 0:00:14]} d4 {[%emt 0:00:02]} 26. Rbe1 {[%emt
0:00:08]} Rfe8 {[%emt 0:00:02]} 27. Ng3 {[%emt 0:00:05]} Nxg3 {[%emt 0:00:04]}
28. hxg3 { [%emt 0:00:01]} e5 {[%emt 0:00:01]} 29. Re2 {[%emt 0:00:10]} e4
{[%emt 0:00:05] } 30. Rfe1 {[%emt 0:00:03]} e3 {[%emt 0:00:04]} 31. a4 {[%emt
0:00:18]} a6 { [%emt 0:00:04]} 32. Kg2 {[%emt 0:00:20]} Ra8 {[%emt 0:00:01]}
33. Kf3 {[%emt 0:00:03]} axb5 {[%emt 0:00:06]} 34. axb5 {[%emt 0:00:01]} Ra2
{[%emt 0:00:04]} 35. Ra1 {[%emt 0:00:18]} Rxa1 {[%emt 0:00:09]} 36. Bxa1 {[%emt
0:00:00]} Ra8 { [%emt 0:00:01]} 37. Re1 {[%emt 0:00:16]} Ra2 {[%emt 0:00:04]}
38. g4 {[%emt 0:00:08]} fxg4+ {[%emt 0:00:23]} 39. Kxg4 {[%emt 0:00:00]} Bg7
{[%emt 0:00:08]} 40. Kf3 {[%emt 0:00:03]} Kf7 {[%emt 0:00:03]} 41. Ke4 {[%emt
0:00:01]} Ke6 { [%emt 0:00:01]} 42. Rh1 {[%emt 0:00:11]} Bf8 {[%emt 0:00:06]}
43. Re1 {[%emt 0:00:17]} Bd6 {[%emt 0:00:05]} 44. Rh1 {[%emt 0:00:07]} Rf2
{[%emt 0:00:12]} 45. Rh4 {[%emt 0:00:12]} Rxf4+ {[%emt 0:00:02]} 46. Rxf4
{[%emt 0:00:02]} Bxf4 { [%emt 0:00:00]} 47. Kf3 {[%emt 0:00:06]} Kf5 {[%emt
0:00:04]} 0-1

[Event "DSJ Weihnachtsturnier U20 2020"]
[Site "https://play.chessbase.com/en/play?room=DSJWeihnachtU20"]
[Date "2020.12.29"]
[Round "7"]
[White "Arnhold, Steffi"]
[Black "Kraft, Adrian"]
[Result "1/2-1/2"]
[Termination "normal"]
[Board "8.2"]
[WhiteElo "2031"]
[BlackElo "1764"]
[WhiteTeam "SC Bavaria Regensburg von 1881"]
[BlackTeam "SC Borussia Lichtenberg"]
[PlyCount "156"]
[WhiteFideId "12931365"]
[BlackFideId "16235010"]
[EventRounds "7"]
[EventType "team-swiss"]
[EventDate "2020.12.29"]

1. e4 {[%emt 0:00:03]} Nf6 {[%emt 0:00:02]} 2. e5 {[%emt 0:00:10]} Nd5 { [%emt
0:00:03]} 3. d4 {[%emt 0:00:02]} d6 {[%emt 0:00:03]} 4. c4 {[%emt 0:00:01]} Nb6
{[%emt 0:00:03]} 5. exd6 {[%emt 0:00:00]} exd6 {[%emt 0:00:02]} 6. Nc3 {[%emt
0:00:01]} Nc6 {[%emt 0:00:03]} 7. Be3 {[%emt 0:00:01]} Be7 {[%emt 0:00:03]} 8.
Nf3 {[%emt 0:00:02]} O-O {[%emt 0:00:04]} 9. Qd2 {[%emt 0:00:01]} Bg4 { [%emt
0:00:05]} 10. Be2 {[%emt 0:00:02]} Re8 {[%emt 0:00:16]} 11. h3 {[%emt 0:00:01]}
Bxf3 {[%emt 0:00:02]} 12. gxf3 {[%emt 0:00:07]} Bf6 {[%emt 0:00:09]} 13. O-O-O
{[%emt 0:00:02]} a5 {[%emt 0:00:24]} 14. Kb1 {[%emt 0:00:03]} a4 { [%emt
0:00:04]} 15. Rhg1 {[%emt 0:00:02]} Na5 {[%emt 0:00:20]} 16. c5 {[%emt
0:00:46]} Nbc4 {[%emt 0:00:08]} 17. Bxc4 {[%emt 0:00:05]} Nxc4 {[%emt 0:00:05]}
18. Qd3 {[%emt 0:00:00]} Nxe3 {[%emt 0:00:14]} 19. fxe3 {[%emt 0:00:03]} dxc5 {
[%emt 0:00:02]} 20. d5 {[%emt 0:00:02]} a3 {[%emt 0:00:12]} 21. b3 {[%emt
0:00:06]} Qd7 {[%emt 0:00:28]} 22. Ne4 {[%emt 0:00:04]} Bb2 {[%emt 0:00:30]}
23. Nxc5 {[%emt 0:00:10]} Qd6 {[%emt 0:00:53]} 24. Ne4 {[%emt 0:00:06]} Qh6 {
[%emt 0:00:47]} 25. Rg3 {[%emt 0:00:14]} f5 {[%emt 0:00:43]} 26. Ng5 {[%emt
0:00:04]} g6 {[%emt 0:00:21]} 27. Ne6 {[%emt 0:00:19]} Rac8 {[%emt 0:00:18]}
28. Rdg1 {[%emt 0:00:23]} c6 {[%emt 0:00:12]} 29. Qxf5 {[%emt 0:00:17]} cxd5 {
[%emt 0:01:16]} 30. f4 {[%emt 0:00:45]} Kh8 {[%emt 0:00:07]} 31. Qxd5 {[%emt
0:00:19]} Qh4 {[%emt 0:00:34]} 32. Nc5 {[%emt 0:00:40]} Rc6 {[%emt 0:00:46]}
33. Nd3 {[%emt 0:00:07]} Qf6 {[%emt 0:00:27]} 34. R3g2 {[%emt 0:00:24]} Rec8 {
[%emt 0:00:46]} 35. Nxb2 {[%emt 0:00:14]} axb2 {[%emt 0:00:04]} 36. Rxb2 {
[%emt 0:00:00]} Rd8 {[%emt 0:00:04]} 37. Qf3 {[%emt 0:00:24]} Qf5+ {[%emt
0:00:02]} 38. e4 {[%emt 0:00:05]} Qc5 {[%emt 0:00:05]} 39. Rd1 {[%emt 0:00:06]}
Rdc8 {[%emt 0:00:09]} 40. Qf1 {[%emt 0:00:18]} Qe3 {[%emt 0:00:05]} 41. e5
{[%emt 0:00:05]} Qe4+ {[%emt 0:00:04]} 42. Ka1 {[%emt 0:00:04]} Qe3 {[%emt
0:00:03]} 43. a3 {[%emt 0:00:59]} Ra6 {[%emt 0:00:12]} 44. Ka2 {[%emt 0:00:08]}
Rca8 { [%emt 0:00:02]} 45. a4 {[%emt 0:00:09]} Qe4 {[%emt 0:00:05]} 46. Rd6
{[%emt 0:00:31]} Qb4 {[%emt 0:00:02]} 47. Rxa6 {[%emt 0:00:03]} Rxa6 {[%emt
0:00:02]} 48. Qd3 {[%emt 0:00:03]} b5 {[%emt 0:00:01]} 49. Qd8+ {[%emt
0:00:23]} Kg7 { [%emt 0:00:02]} 50. Qd7+ {[%emt 0:00:14]} Kh6 {[%emt 0:00:02]}
51. Qd2 { [%emt 0:00:06]} Qc5 {[%emt 0:00:05]} 52. f5+ {[%emt 0:00:03]} g5
{[%emt 0:00:02]} 53. e6 {[%emt 0:00:13]} bxa4 {[%emt 0:00:01]} 54. b4 {[%emt
0:00:01]} Qxf5 {[%emt 0:00:03]} 55. e7 {[%emt 0:00:06]} Qe6+ {[%emt 0:00:01]}
56. Kb1 { [%emt 0:00:05]} Qxe7 {[%emt 0:00:00]} 57. Rc2 {[%emt 0:00:04]} Re6
{[%emt 0:00:01]} 58. h4 {[%emt 0:00:08]} Re1+ {[%emt 0:00:02]} 59. Kb2 {[%emt
0:00:05]} Qe5+ {[%emt 0:00:01]} 60. Qc3 {[%emt 0:00:02]} Qxc3+ {[%emt 0:00:04]}
61. Rxc3 {[%emt 0:00:03]} g4 {[%emt 0:00:02]} 62. b5 {[%emt 0:00:04]} Re2+
{[%emt 0:00:05]} 63. Ka3 {[%emt 0:00:03]} Re6 {[%emt 0:00:04]} 64. Rc6 {[%emt
0:00:04]} Rxc6 {[%emt 0:00:02]} 65. bxc6 {[%emt 0:00:00]} g3 {[%emt 0:00:01]}
66. c7 { [%emt 0:00:00]} g2 {[%emt 0:00:01]} 67. c8=Q {[%emt 0:00:01]} g1=Q
{[%emt 0:00:01]} 68. Qc6+ {[%emt 0:00:07]} Qg6 {[%emt 0:00:01]} 69. Qxa4 {[%emt
0:00:03]} Qd6+ {[%emt 0:00:02]} 70. Kb2 {[%emt 0:00:02]} Qd2+ {[%emt 0:00:03]}
71. Kb1 { [%emt 0:00:03]} Qd3+ {[%emt 0:00:01]} 72. Kc1 {[%emt 0:00:02]} Qe3+
{[%emt 0:00:01]} 73. Kd1 {[%emt 0:00:02]} Qd3+ {[%emt 0:00:01]} 74. Ke1 {[%emt
0:00:02]} Qe3+ {[%emt 0:00:01]} 75. Kf1 {[%emt 0:00:02]} Qf3+ {[%emt 0:00:01]}
76. Ke1 { [%emt 0:00:02]} Qe3+ {[%emt 0:00:01]} 77. Kf1 {[%emt 0:00:01]} Qf3+
{[%emt 0:00:01]} 78. Ke1 {[%emt 0:00:01]} Qe3+ {[%emt 0:00:01]} 1/2-1/2

[Event "DSJ Weihnachtsturnier U20 2020"]
[Site "https://play.chessbase.com/en/play?room=DSJWeihnachtU20"]
[Date "2020.12.29"]
[Round "7"]
[White "Wadepfuhl, Jeremy"]
[Black "Steinhauer, Artur"]
[Result "1/2-1/2"]
[Termination "normal"]
[Board "8.3"]
[WhiteElo "1714"]
[BlackElo "1462"]
[WhiteTeam "SC Borussia Lichtenberg"]
[BlackTeam "SC Bavaria Regensburg von 1881"]
[PlyCount "189"]
[WhiteFideId "16243471"]
[BlackFideId "16263596"]
[EventRounds "7"]
[EventType "team-swiss"]
[EventDate "2020.12.29"]

1. d4 {[%emt 0:00:00]} d5 {[%emt 0:00:04]} 2. Bg5 {[%emt 0:00:02]} h6 {[%emt
0:00:06]} 3. Bh4 {[%emt 0:00:01]} c5 {[%emt 0:00:04]} 4. dxc5 {[%emt 0:00:04]}
Nc6 {[%emt 0:00:02]} 5. e3 {[%emt 0:00:08]} Nf6 {[%emt 0:00:03]} 6. Bxf6 {
[%emt 0:00:12]} exf6 {[%emt 0:00:02]} 7. Nc3 {[%emt 0:00:04]} Be6 {[%emt
0:00:04]} 8. Nf3 {[%emt 0:00:16]} Bxc5 {[%emt 0:00:02]} 9. Nd4 {[%emt 0:00:06]}
Nxd4 {[%emt 0:00:18]} 10. exd4 {[%emt 0:00:00]} Bd6 {[%emt 0:00:03]} 11. Bb5+ {
[%emt 0:00:05]} Kf8 {[%emt 0:00:07]} 12. O-O {[%emt 0:00:18]} a6 {[%emt
0:00:03]} 13. Bd3 {[%emt 0:00:11]} b5 {[%emt 0:00:05]} 14. Qf3 {[%emt 0:00:15]}
Bb4 {[%emt 0:00:07]} 15. Ne2 {[%emt 0:00:09]} Rc8 {[%emt 0:00:11]} 16. c3
{[%emt 0:00:02]} Bd6 {[%emt 0:00:04]} 17. Nf4 {[%emt 0:00:12]} Bxf4 {[%emt
0:00:07]} 18. Qxf4 {[%emt 0:00:00]} Qc7 {[%emt 0:00:01]} 19. Qxc7 {[%emt
0:00:18]} Rxc7 { [%emt 0:00:00]} 20. f4 {[%emt 0:00:00]} f5 {[%emt 0:00:18]}
21. a4 {[%emt 0:00:17]} g6 {[%emt 0:00:38]} 22. axb5 {[%emt 0:00:02]} axb5
{[%emt 0:00:00]} 23. Bxb5 {[%emt 0:00:29]} Kg7 {[%emt 0:00:01]} 24. Bd3 {[%emt
0:00:13]} Rb8 { [%emt 0:00:05]} 25. Rab1 {[%emt 0:00:08]} h5 {[%emt 0:00:05]}
26. h4 {[%emt 0:00:07]} Ra7 {[%emt 0:00:04]} 27. Rf2 {[%emt 0:00:11]} Rb3
{[%emt 0:00:09]} 28. Kf1 {[%emt 0:00:20]} Ra2 {[%emt 0:00:04]} 29. Ke1 {[%emt
0:00:10]} Kf8 { [%emt 0:00:08]} 30. Re2 {[%emt 0:00:13]} Ke7 {[%emt 0:00:08]}
31. Kd1 {[%emt 0:00:02]} Kd6 {[%emt 0:00:08]} 32. Kc2 {[%emt 0:00:03]} Rb6
{[%emt 0:00:01]} 33. Kc1 {[%emt 0:00:10]} Rb3 {[%emt 0:00:05]} 34. Bc2 {[%emt
0:00:02]} Rb6 { [%emt 0:00:04]} 35. Bd1 {[%emt 0:00:08]} Bd7 {[%emt 0:00:57]}
36. b3 {[%emt 0:00:20]} Ra3 {[%emt 0:00:10]} 37. Rbb2 {[%emt 0:00:46]} Rc6
{[%emt 0:00:11]} 38. Rec2 {[%emt 0:00:11]} Rc7 {[%emt 0:00:25]} 39. Kd2 {[%emt
0:00:27]} Rb7 { [%emt 0:00:04]} 40. Rc1 {[%emt 0:00:31]} Bb5 {[%emt 0:00:29]}
41. Rcb1 { [%emt 0:00:30]} Ba6 {[%emt 0:00:21]} 42. Be2 {[%emt 0:00:08]} Bxe2
{[%emt 0:00:05]} 43. Kxe2 {[%emt 0:00:00]} Re7+ {[%emt 0:00:05]} 44. Kd2 {[%emt
0:00:01]} Re4 {[%emt 0:00:03]} 45. g3 {[%emt 0:00:02]} Ra7 {[%emt 0:00:02]} 46.
Re1 { [%emt 0:00:04]} Rxe1 {[%emt 0:00:06]} 47. Kxe1 {[%emt 0:00:00]} Ra1+
{[%emt 0:00:01]} 48. Ke2 {[%emt 0:00:17] Lichten1-003 offers a draw} Rg1 {[%emt
0:00:33] } 49. Kf2 {[%emt 0:00:02]} Rc1 {[%emt 0:00:01]} 50. c4 {[%emt
0:00:05]} dxc4 { [%emt 0:00:06]} 51. bxc4 {[%emt 0:00:00]} Rxc4 {[%emt
0:00:01]} 52. Rb7 { [%emt 0:00:05]} Ke6 {[%emt 0:00:07]} 53. Rb6+ {[%emt
0:00:02]} Kd5 {[%emt 0:00:10]} 54. Rb7 {[%emt 0:00:05]} Rxd4 {[%emt 0:00:02]}
55. Rxf7 {[%emt 0:00:04]} Ke6 {[%emt 0:00:01]} 56. Ra7 {[%emt 0:00:04]} Rd3
{[%emt 0:00:08]} 57. Ra6+ { [%emt 0:00:03]} Kf7 {[%emt 0:00:02]} 58. Ra7+
{[%emt 0:00:01]} Kf6 {[%emt 0:00:01]} 59. Ra6+ {[%emt 0:00:01]} Kg7 {[%emt
0:00:02]} 60. Ra7+ {[%emt 0:00:01]} Kh6 {[%emt 0:00:01]} 61. Re7 {[%emt
0:00:03]} Ra3 {[%emt 0:00:02]} 62. Rb7 { [%emt 0:00:03]} Ra2+ {[%emt 0:00:06]}
63. Kf3 {[%emt 0:00:01]} Ra3+ {[%emt 0:00:02]} 64. Kf2 {[%emt 0:00:01]} Rc3
{[%emt 0:00:02]} 65. Ra7 {[%emt 0:00:02]} Rc2+ {[%emt 0:00:02]} 66. Kf3 {[%emt
0:00:01]} Rc1 {[%emt 0:00:01]} 67. Rb7 { [%emt 0:00:02]} Rc3+ {[%emt 0:00:02]}
68. Kf2 {[%emt 0:00:02]} Rd3 {[%emt 0:00:02]} 69. Ra7 {[%emt 0:00:07]} Rd8
{[%emt 0:00:21]} 70. Rb7 {[%emt 0:00:02]} Re8 {[%emt 0:00:03]} 71. Ra7 {[%emt
0:00:01]} Rh8 {[%emt 0:00:12]} 72. Rb7 { [%emt 0:00:08]} Rh7 {[%emt 0:00:05]}
73. Rb6 {[%emt 0:00:02]} Rc7 {[%emt 0:00:12]} 74. Ra6 {[%emt 0:00:02]} Kg7
{[%emt 0:00:03]} 75. Rb6 {[%emt 0:00:04]} Kf7 {[%emt 0:00:02]} 76. Ra6 {[%emt
0:00:02]} Rc2+ {[%emt 0:00:04]} 77. Kf3 { [%emt 0:00:01]} Rc3+ {[%emt 0:00:02]}
78. Kf2 {[%emt 0:00:01]} Rd3 {[%emt 0:00:01]} 79. Ra7+ {[%emt 0:00:02]} Ke6
{[%emt 0:00:01]} 80. Ra6+ {[%emt 0:00:10]} Rd6 {[%emt 0:00:02]} 81. Ra5 {[%emt
0:00:01] Lichten1-003 offers a draw} Rc6 { [%emt 0:00:12]} 82. Re5+ {[%emt
0:00:04]} Kd6 {[%emt 0:00:02]} 83. Ra5 { [%emt 0:00:02]} Rb6 {[%emt 0:00:04]}
84. Kf3 {[%emt 0:00:04]} Rb3+ {[%emt 0:00:03]} 85. Kf2 {[%emt 0:00:01]} Rb6
{[%emt 0:00:01]} 86. Kf3 {[%emt 0:00:01]} Ke7 {[%emt 0:00:06]} 87. Ra7+ {[%emt
0:00:04]} Kd8 {[%emt 0:00:02]} 88. Ra8+ { [%emt 0:00:03]} Kc7 {[%emt 0:00:02]}
89. Ra5 {[%emt 0:00:01]} Re6 {[%emt 0:00:06]} 90. Ra7+ {[%emt 0:00:04]} Kb6
{[%emt 0:00:02]} 91. Ra1 {[%emt 0:00:05]} Kb5 {[%emt 0:00:02]} 92. Rb1+ {[%emt
0:00:02]} Kc4 {[%emt 0:00:06]} 93. Rc1+ { [%emt 0:00:01]} Kd3 {[%emt 0:00:02]}
94. Rd1+ {[%emt 0:00:01]} Kc2 {[%emt 0:00:01]} 95. Rd8 {[%emt 0:00:02]
Regensb1-003 offers a draw} 1/2-1/2

[Event "DSJ Weihnachtsturnier U20 2020"]
[Site "https://play.chessbase.com/en/play?room=DSJWeihnachtU20"]
[Date "2020.12.29"]
[Round "7"]
[White "Aumüller, Naum"]
[Black "Gillmeister, Gino"]
[Result "1-0"]
[Termination "normal"]
[Board "8.4"]
[WhiteElo "1622"]
[BlackElo "1587"]
[WhiteTeam "SC Bavaria Regensburg von 1881"]
[BlackTeam "SC Borussia Lichtenberg"]
[PlyCount "55"]
[WhiteFideId "16263960"]
[BlackFideId "16224914"]
[EventRounds "7"]
[EventType "team-swiss"]
[EventDate "2020.12.29"]

1. e4 {[%emt 0:00:16]} b6 {[%emt 0:00:04]} 2. d4 {[%emt 0:00:04]} Bb7 {[%emt
0:00:02]} 3. Bd3 {[%emt 0:00:05]} e6 {[%emt 0:00:03]} 4. Bf4 {[%emt 0:00:10]}
c5 {[%emt 0:00:08]} 5. c3 {[%emt 0:00:06]} cxd4 {[%emt 0:00:04]} 6. cxd4 {[%emt
0:00:03]} Nc6 {[%emt 0:00:01]} 7. Nf3 {[%emt 0:00:10]} Nb4 {[%emt 0:00:03]} 8.
Nc3 {[%emt 0:00:10]} Nxd3+ {[%emt 0:00:02]} 9. Qxd3 {[%emt 0:00:07]} Nf6 {
[%emt 0:00:05]} 10. O-O {[%emt 0:00:08]} d5 {[%emt 0:00:08]} 11. e5 {[%emt
0:00:07]} Ne4 {[%emt 0:00:03]} 12. Qb5+ {[%emt 0:00:10]} Qd7 {[%emt 0:00:02]}
13. Qxd7+ {[%emt 0:00:13]} Kxd7 {[%emt 0:00:02]} 14. Nxe4 {[%emt 0:00:01]} dxe4
{ [%emt 0:00:02]} 15. Ng5 {[%emt 0:00:02]} Ke8 {[%emt 0:00:03]} 16. Rfe1 {
[%emt 0:00:02]} Bb4 {[%emt 0:00:14]} 17. Re2 {[%emt 0:00:16]} Rd8 {[%emt
0:00:08]} 18. Rd1 {[%emt 0:00:15]} Bc5 {[%emt 0:00:38]} 19. Red2 {[%emt
0:00:13]} Be7 {[%emt 0:00:13]} 20. Nh3 {[%emt 0:00:12]} h6 {[%emt 0:00:05]} 21.
Rc2 { [%emt 0:00:16]} Kd7 {[%emt 0:00:06]} 22. Rdc1 {[%emt 0:00:12]} Rc8 {[%emt
0:00:03]} 23. Kf1 {[%emt 0:00:15]} f5 {[%emt 0:00:13]} 24. exf6 {[%emt
0:00:12]} Bxf6 {[%emt 0:00:16]} 25. Rc7+ {[%emt 0:00:05]} Kd8 {[%emt 0:00:07]}
26. Rxb7 { [%emt 0:00:11]} Bxd4 {[%emt 0:00:20]} 27. Rxc8+ {[%emt 0:00:07]}
Kxc8 {[%emt 0:00:03]} 28. Rb8+ {[%emt 0:00:01]} 1-0

[Event "DSJ Weihnachtsturnier U20 2020"]
[Site "https://play.chessbase.com/en/play?room=DSJWeihnachtU20"]
[Date "2020.12.29"]
[Round "7"]
[White "Kolb, Tobias"]
[Black "Gelman, Josef"]
[Result "1-0"]
[Termination "normal"]
[Board "9.1"]
[WhiteElo "2285"]
[BlackElo "2007"]
[WhiteTeam "SC 1868 Bamberg"]
[BlackTeam "SC Weisse Dame"]
[PlyCount "183"]
[WhiteFideId "12992321"]
[BlackFideId "12959642"]
[EventRounds "7"]
[EventType "team-swiss"]
[EventDate "2020.12.29"]

1. d4 {[%emt 0:00:03]} d5 {[%emt 0:00:04]} 2. c4 {[%emt 0:00:02]} c6 {[%emt
0:00:03]} 3. Nc3 {[%emt 0:00:01]} Nf6 {[%emt 0:00:02]} 4. cxd5 {[%emt 0:00:01]}
cxd5 {[%emt 0:00:02]} 5. Bf4 {[%emt 0:00:01]} a6 {[%emt 0:00:02]} 6. e3 { [%emt
0:00:02]} Nc6 {[%emt 0:00:03]} 7. Bd3 {[%emt 0:00:02]} Bg4 {[%emt 0:00:26]} 8.
f3 {[%emt 0:00:02]} Bh5 {[%emt 0:00:06]} 9. Nge2 {[%emt 0:00:01]} e6 { [%emt
0:00:07]} 10. O-O {[%emt 0:00:02]} Bd6 {[%emt 0:00:08]} 11. Rc1 {[%emt
0:00:02]} Bg6 {[%emt 0:00:08]} 12. Na4 {[%emt 0:00:12]} Bxd3 {[%emt 0:00:07]}
13. Qxd3 {[%emt 0:00:02]} Bxf4 {[%emt 0:00:04]} 14. Nxf4 {[%emt 0:00:02]} O-O {
[%emt 0:00:01]} 15. Nc5 {[%emt 0:00:02]} Qe7 {[%emt 0:00:33]} 16. Qb3 {[%emt
0:00:06]} Na5 {[%emt 0:00:09]} 17. Qc3 {[%emt 0:00:59]} b6 {[%emt 0:00:38]} 18.
Na4 {[%emt 0:00:16]} Qb7 {[%emt 0:00:49]} 19. Qc7 {[%emt 0:00:09]} Qxc7 { [%emt
0:00:18]} 20. Rxc7 {[%emt 0:00:00]} b5 {[%emt 0:00:13]} 21. Nb6 {[%emt
0:01:58]} Rab8 {[%emt 0:00:10]} 22. b4 {[%emt 0:00:02]} Nc4 {[%emt 0:00:20]}
23. Nxc4 {[%emt 0:00:02]} bxc4 {[%emt 0:00:41]} 24. Rb1 {[%emt 0:00:09]} Rb6 {
[%emt 0:00:15]} 25. a3 {[%emt 0:00:38]} g5 {[%emt 0:00:14]} 26. Ne2 {[%emt
0:00:03]} a5 {[%emt 0:00:04]} 27. b5 {[%emt 0:00:09]} Rfb8 {[%emt 0:00:44]} 28.
Nc3 {[%emt 0:00:03]} R6b7 {[%emt 0:00:08]} 29. Rc6 {[%emt 0:00:09]} Rb6 { [%emt
0:00:10]} 30. Rxb6 {[%emt 0:00:24]} Rxb6 {[%emt 0:00:00]} 31. Na4 { [%emt
0:00:01]} Rb8 {[%emt 0:00:10]} 32. Nc5 {[%emt 0:01:19]} Ne8 {[%emt 0:00:30]}
33. b6 {[%emt 0:01:03]} Nd6 {[%emt 0:00:08]} 34. b7 {[%emt 0:00:09]} c3 { [%emt
0:00:13]} 35. Rc1 {[%emt 0:01:04] WeisseD1-001 offers a draw} Nxb7 { [%emt
0:00:08]} 36. Nxb7 {[%emt 0:00:04]} Rxb7 {[%emt 0:00:02]} 37. Rxc3 { [%emt
0:00:01]} Rb1+ {[%emt 0:00:16]} 38. Kf2 {[%emt 0:00:02]} Rb2+ {[%emt 0:00:01]}
39. Kg3 {[%emt 0:00:02]} Ra2 {[%emt 0:00:04]} 40. e4 {[%emt 0:00:12]} dxe4
{[%emt 0:00:09]} 41. fxe4 {[%emt 0:00:00]} Rd2 {[%emt 0:00:01]} 42. Rc5 { [%emt
0:00:04]} Rd3+ {[%emt 0:00:33]} 43. Kg4 {[%emt 0:00:09]} Rxd4 {[%emt 0:00:26]}
44. Rxg5+ {[%emt 0:00:02]} Kf8 {[%emt 0:00:03]} 45. Rxa5 {[%emt 0:00:11]} f5+
{[%emt 0:00:09]} 46. Kg5 {[%emt 0:00:17]} Rxe4 {[%emt 0:00:05]} 47. Kf6 {[%emt
0:00:03]} Ke8 {[%emt 0:00:05]} 48. Re5 {[%emt 0:00:04]} Rg4 { [%emt 0:00:27]}
49. Rxe6+ {[%emt 0:00:02]} Kd7 {[%emt 0:00:02]} 50. Re2 { [%emt 0:00:06]} Ra4
{[%emt 0:00:11]} 51. Re7+ {[%emt 0:00:08]} Kd6 {[%emt 0:00:01]} 52. Rxh7 {[%emt
0:00:01]} f4 {[%emt 0:00:02]} 53. Rh4 {[%emt 0:00:13]} Kd5 {[%emt 0:00:07]} 54.
Kf5 {[%emt 0:00:05]} Rxa3 {[%emt 0:00:16]} 55. Rxf4 { [%emt 0:00:04]} Ra2
{[%emt 0:00:12]} 56. Rg4 {[%emt 0:00:01]} Kd6 {[%emt 0:00:05]} 57. h4 {[%emt
0:00:06]} Ke7 {[%emt 0:00:08]} 58. h5 {[%emt 0:00:01]} Kf7 { [%emt 0:00:04]}
59. Kg5 {[%emt 0:00:03]} Kg7 {[%emt 0:00:02]} 60. Kh4+ { [%emt 0:00:01]} Kh7
{[%emt 0:00:04]} 61. Rg5 {[%emt 0:00:06]} Ra4+ {[%emt 0:00:08]} 62. g4 {[%emt
0:00:02]} Rb4 {[%emt 0:00:01]} 63. Rc5 {[%emt 0:00:04]} Kh6 {[%emt 0:00:05]}
64. Rc6+ {[%emt 0:00:01]} Kh7 {[%emt 0:00:02]} 65. Rc5 { [%emt 0:00:08]} Kh6
{[%emt 0:00:04]} 66. Rd5 {[%emt 0:00:03]} Ra4 {[%emt 0:00:04]} 67. Rd6+ {[%emt
0:00:01]} Kh7 {[%emt 0:00:02]} 68. Rf6 {[%emt 0:00:02]} Rb4 {[%emt 0:00:06]}
69. Kg5 {[%emt 0:00:02]} Ra4 {[%emt 0:00:06]} 70. Rf7+ { [%emt 0:00:02]} Kg8
{[%emt 0:00:02]} 71. Rf4 {[%emt 0:00:08]} Ra5+ {[%emt 0:00:03]} 72. Kg6 {[%emt
0:00:02]} Ra6+ {[%emt 0:00:01]} 73. Rf6 {[%emt 0:00:02]} Ra7 {[%emt 0:00:03]}
74. g5 {[%emt 0:00:02]} Rg7+ {[%emt 0:00:01]} 75. Kf5 { [%emt 0:00:04]} Rh7
{[%emt 0:00:02]} 76. Kg4 {[%emt 0:00:06]} Ra7 {[%emt 0:00:02]} 77. h6 {[%emt
0:00:05]} Kh7 {[%emt 0:00:02]} 78. Kh5 {[%emt 0:00:02]} Ra5 {[%emt 0:00:01]}
79. Rf7+ {[%emt 0:00:01]} Kg8 {[%emt 0:00:02]} 80. Rb7 { [%emt 0:00:01]} Rc5
{[%emt 0:00:03]} 81. Rb6 {[%emt 0:00:04]} Rc8 {[%emt 0:00:05]} 82. Kg6 {[%emt
0:00:02]} Kh8 {[%emt 0:00:02]} 83. Kf6 {[%emt 0:00:02]} Rf8+ {[%emt 0:00:02]}
84. Ke7 {[%emt 0:00:03]} Rg8 {[%emt 0:00:02]} 85. g6 { [%emt 0:00:03]} Ra8
{[%emt 0:00:02]} 86. Kf6 {[%emt 0:00:03]} Rf8+ {[%emt 0:00:02]} 87. Kg5 {[%emt
0:00:02]} Ra8 {[%emt 0:00:02]} 88. Rf6 {[%emt 0:00:03]} Ra5+ {[%emt 0:00:02]}
89. Rf5 {[%emt 0:00:01]} Ra8 {[%emt 0:00:01]} 90. g7+ { [%emt 0:00:01]} Kg8
{[%emt 0:00:03]} 91. Kg6 {[%emt 0:00:04]} Ra6+ {[%emt 0:00:04]} 92. Rf6 {[%emt
0:00:01] '} 1-0